000 00646nam a2200241Ia 4500
003 OSt
005 20220918173959.0
006 a|||||r|||| 00| 0
007 ta
008 220917b |||||||| |||| 00| 0 eng d
024 _a9,610
037 _cTextual
040 _aARTS
_cARTS
_beng
041 _2eng
_aeng
082 _aMxF00,1:g, N4 (P15)
100 _aArunshati P.
_948678
245 0 _aRoyal life in Manasollasa
260 _aNew Delhi
_bSundeep Prakshan.
_c1994
300 _axvi,221p
_ccm.
650 _aINDUSTRIAL ARTS
942 _hMxF00,1:g, N4 (P15)
_cTEXL
_2CC
999 _c151249
_d151249